Villes françaises les plus peuplées commençant par C - Statistiques

Statistiques générales
  • Ce quiz a été pris 121 fois
    23 depuis la dernière actualisation
  • Le résultat moyen est 15 sur 20
Statistiques - réponses
Région Département Ville Population % Correct
Normandie Calvados Caen 108 398
100%
Hauts-de-France Pas-de-Calais Calais 67 585
100%
Auvergne-Rhône-Alpes Puy-de-Dôme Clermont-Ferrand 147 751
100%
Normandie Manche Cherbourg-en-Cotentin 78 028
94%
Grand-Est Haut-Rhin Colmar 67 360
94%
Provence-Alpes-Côte d'Azur Alpes-Maritimes Cannes 74 040
83%
Guyane Guyane Cayenne 63 956
83%
Auvergne-Rhône-Alpes Savoie Chambéry 60 251
83%
Île-de-France Val-de-Marne Créteil 92 859
83%
Occitanie Aude Carcassonne 46 429
78%
Île-de-France Val-d'Oise Cergy 69 578
78%
Pays de la Loire Maine-et-Loire Cholet 54 074
67%
Île-de-France Hauts-de-Seine Colombes 90 692
67%
Île-de-France Val-de-Marne Champigny-sur-Marne 78 367
56%
Île-de-France Hauts-de-Seine Clichy 65 102
56%
Provence-Alpes-Côte d'Azur Alpes-Maritimes Cagnes-sur-Mer 52 852
50%
Île-de-France Hauts-de-Seine Clamart 56 882
50%
Île-de-France Hauts-de-Seine Courbevoie 81 945
50%
Île-de-France Seine-et-Marne Chelles 54 372
44%
Île-de-France Essonne Corbeil-Essonnes 53 712
39%
Aucun quiz correspondant
Distribution des résultats
% des personnes avec chaque résultat
Percentile par nombre de réponses
Votre historique - résultats
Vous n’avez pas pris ce quiz depuis la dernière actualisation